| 000 | 00669nam a2200133Ia 4500 | ||
|---|---|---|---|
| 008 | 171212s9999 xx 000 0 und d | ||
| 020 | _a9780833045591 | ||
| 100 | _aCoulter, Ian D.;Ellison, Marcia A.;Hilton, Lara;Rhodes, Hilary J.;Ryan, Gery W. | ||
| 245 |
_cCoulter, Ian D.;Ellison, Marcia A.;Hilton, Lara;Rhodes, Hilary J.;Ryan, Gery W. _aHospital-Based Integrative Medicine _bA Case Study of the Barriers and Factors Facilitating the Creation of a Center |
||
| 260 |
_bRAND Corporation _c2008 |
||
| 650 | _aHealth Sciences | ||
| 650 | _aIntegrative medicine; Hospitals -- United States -- Planning -- Case studies | ||
| 856 | _uwww.jstor.org/stable/10.7249/mg591nccam | ||
| 999 |
_c352147 _d352147 |
||